Getting rid of garbage
| Main Author: | |
|---|---|
| Corporate Author: | |
| Format: | Book |
| Published: |
Selangor :
Penerbit Prisma ,
2005
|
| Series: | Smart Science
|
| Subjects: |
MARC
| LEADER | 00000cam a2200000 7i4500 | ||
|---|---|---|---|
| 001 | 0000006604 | ||
| 005 | 20151222.0 | ||
| 008 | 070817 | ||
| 020 | |a 983877247X | ||
| 090 | 0 | 0 | |a JF |b SC ENG (6825) |
| 100 | 1 | |a Tan,Eunice | |
| 245 | 1 | 0 | |a Getting rid of garbage |c Eunice Tan |
| 260 | |a Selangor : |b Penerbit Prisma , |c 2005 | ||
| 440 | |a Smart Science | ||
| 500 | |a Children ages 7-9 years old (orange) | ||
| 650 | 0 | |a Rafuse and rafuse disposal |x Juvenile literature | |
| 710 | 0 | |a Title | |
| 999 | |a 0000985640 |b Book |c Children Collection |e Perbadanan Perpustakaan Awam Johor | ||